000 00353 a2200157 4500
001 152826
040 _cEscola São Tomás de Aquino
100 _aBRAZ, Júlio Emílio
240 1 0 _aVovô e Pacífico
_lpor
245 1 0 _aVovô e Pacífico
300 _a23
362 0 _a2007
440 1 _aDuna Dueto
697 _a*LITERATURA INFANTO
942 _cBK
999 _c152826
_d152826